French Rulers to the Time They Reigned - Statistics

General Stats
  • This quiz has been taken 22 times
  • The average score is 6 of 10
Answer Stats
Hint Answer % Correct
1804-1814 Napoleon Bonaparte
100%
1643-1715 Louis XIV
82%
1774-1792 Louis XVI
82%
1944-1946 Charles de Gaulle
77%
1824-1830 Charles X
55%
1610-1643 Louis XIII
55%
1180-1223 Philip II
50%
1589-1610 Henry IV
45%
1515-1547 Francis I
32%
1350-1364 John II
23%
No matching quizzes found
Score Distribution
Percent of People with Each Score
Percentile by Number Answered
Your Score History
You have not taken this quiz